[Event "40th Olympiad Open"]
[Site "Istanbul TUR"]
[Date "2012.09.09"]
[Round "11.46"]
[Board "4"]
[White "Jeitz, Christian"]
[Black "Labeckas, Kestutis"]
[Result "0-1"]
[BlackTitle "IM"]
[WhiteElo "2212"]
[BlackElo "2378"]
[WhiteTeam "Luxembourg"]
[BlackTeam "Lithuania"]
[WhiteFideId "4000803"]
[BlackFideId "12802808"]
[EventDate "2012.08.28"]

1. e4 c6 2. d4 d5 3. Nc3 dxe4 4. Nxe4 Bf5 5. Ng3 Bg6 6. h4 h6 7. Nf3 Nd7 8. h5
Bh7 9. Bd3 Bxd3 10. Qxd3 e6 11. Bf4 Qa5+ 12. Bd2 Bb4 13. c3 Be7 14. c4 Qa6 15.
Qe2 Ngf6 16. Bc3 O-O 17. Ne5 Rad8 18. O-O c5 19. Nxd7 Nxd7 20. dxc5 Bf6 21. Bxf6
Nxf6 22. Ne4 Nxe4 23. Qxe4 Rd2 24. b4 Rfd8 25. b5 Qa3 26. c6 bxc6 27. Qxc6 R2d6
28. Qe4 Rd4 29. Qc2 Qc5 30. Rad1 Qxh5 31. Rxd4 Rxd4 32. c5 Rh4 33. f3 Rh1+ 34.
Kf2 Qh4+ 35. Ke2 Rh2 36. Rf2 Qd4 37. c6 Qe5+ 38. Kd2 Qd5+ 39. Qd3 Qc5 40. Ke2
Rh5 41. f4 Rd5 42. Qb3 Rd4 43. Rf3 Re4+ 44. Re3 Rxf4 45. a4 Rb4 46. Qc3 Rc4 47.
Qe5 Rc2+ 48. Kf3 Qc4 49. Kg3 Qf1 50. Qe4 Rc5 51. Rd3 Rg5+ 52. Kh2 Rh5+ 53. Kg3
f5 54. Qxe6+ Kh7 55. Rf3 Rg5+ 56. Kf4 Qxg2 57. c7 Qh2+ 58. Ke3 Qxc7 59. Rxf5
Qc3+ 60. Kf4 Qd4+ 0-1

[Event "40th Olympiad Open"]
[Site "Istanbul TUR"]
[Date "2012.09.09"]
[Round "11.47"]
[Board "1"]
[White "Mandiza, Farai"]
[Black "Dive, Russell John"]
[Result "1-0"]
[WhiteTitle "IM"]
[BlackTitle "IM"]
[WhiteElo "2390"]
[BlackElo "2334"]
[WhiteTeam "Zimbabwe"]
[BlackTeam "New Zealand"]
[WhiteFideId "11000430"]
[BlackFideId "4300106"]
[EventDate "2012.08.28"]

1. Nc3 d5 2. e4 Nf6 3. exd5 Nxd5 4. Bc4 Nb6 5. Bb3 Nc6 6. Qf3 e6 7. Nge2 Be7 8.
d3 O-O 9. h4 a5 10. a4 e5 11. Ne4 Nd7 12. Bg5 Nd4 13. Nxd4 exd4 14. O-O-O Ne5
15. Qg3 Ng4 16. Rde1 Bf5 17. Qf4 Bc8 18. Bxe7 Qxe7 19. Ng5 Qf6 20. Qxc7 Bf5 21.
Qf4 Rac8 22. Rh3 h6 23. Rf3 hxg5 24. Qxf5 Qxf5 25. Rxf5 gxh4 26. Re4 Nf6 27.
Rxd4 b6 28. Rxh4 Rfe8 29. g4 Re7 30. g5 Nd7 31. g6 Ne5 32. Rxe5 1-0

[Event "40th Olympiad Open"]
[Site "Istanbul TUR"]
[Date "2012.09.09"]
[Round "11.47"]
[Board "3"]
[White "Moyo, Dion"]
[Black "Steadman, Michael"]
[Result "0-1"]
[BlackTitle "FM"]
[WhiteElo "2210"]
[BlackElo "2237"]
[WhiteTeam "Zimbabwe"]
[BlackTeam "New Zealand"]
[WhiteFideId "11000627"]
[BlackFideId "4300548"]
[EventDate "2012.08.28"]

1. e4 e6 2. d3 d5 3. Nd2 Nf6 4. Ngf3 Bc5 5. g3 dxe4 6. Ng5 e3 7. fxe3 Bxe3 8.
Ndf3 Bb6 9. Bf4 h6 10. Ne4 Nxe4 11. dxe4 Qxd1+ 12. Rxd1 Nc6 13. Bb5 Bd7 14. c3
g5 15. Ne5 O-O-O 16. Nxf7 gxf4 17. Nxd8 Rxd8 18. gxf4 Rf8 19. Rf1 Be3 20. f5
exf5 21. Bxc6 bxc6 22. exf5 Rxf5 23. Ke2 Re5 24. Rf8+ Kb7 25. Kf3 Be6 26. h4 Bc5
27. Rh8 h5 28. Rdd8 Bxa2 29. Rde8 Rf5+ 30. Ke4 Bb1# 0-1

[Event "40th Olympiad Open"]
[Site "Istanbul TUR"]
[Date "2012.09.09"]
[Round "11.47"]
[Board "4"]
[White "Garbett, Paul Anthony"]
[Black "Masango, Spencer"]
[Result "1/2-1/2"]
[WhiteTitle "IM"]
[WhiteElo "2276"]
[BlackElo "2153"]
[WhiteTeam "New Zealand"]
[BlackTeam "Zimbabwe"]
[WhiteFideId "4300122"]
[BlackFideId "14300753"]
[EventDate "2012.08.28"]

1. Nf3 Nf6 2. d4 e6 3. Bg5 d5 4. e3 Nbd7 5. Bd3 h6 6. Bh4 c5 7. c3 Be7 8. O-O b6
9. Nbd2 Bb7 10. Ne5 Nxe5 11. dxe5 Nd7 12. Bxe7 Qxe7 13. f4 g5 14. Qe2 O-O-O 15.
Ba6 f5 16. exf6 Nxf6 17. Nf3 Ne4 18. Ne5 Qc7 19. Bd3 Nd6 20. Qg4 Rhe8 21. Bg6
Re7 22. Rad1 Kb8 23. Qh3 Rg8 24. Rf2 g4 25. Qh4 Reg7 26. Qf6 Qe7 27. Qxe7 Rxe7
28. Rfd2 Reg7 29. Bc2 h5 30. a3 Kc7 31. b4 cxb4 32. cxb4 Nf7 33. Nd3 Nd6 34. Ne5
Nf7 35. Nxf7 Rxf7 36. Bb3 Re7 37. Kf2 h4 38. Kg1 Rf8 39. Rd4 Kb8 40. Rc1 Rc7 41.
Rxc7 Kxc7 42. g3 hxg3 43. hxg3 Kd6 44. Bd1 Rc8 45. a4 Rc1 46. Kf2 e5 47. fxe5+
Kxe5 48. Bxg4 Bc6 49. b5 Rc2+ 50. Ke1 Be8 51. Bf3 Bf7 52. g4 Ra2 53. g5 Ra1+ 54.
Kf2 Ra2+ 55. Kg3 Ra3 56. Rf4 Be6 57. Kf2 Ra2+ 58. Be2 Bf5 59. Rd4 Be4 60. Ke1
Ra1+ 61. Kf2 Ra2 62. Ke1 Ra1+ 63. Kf2 1/2-1/2

[Event "40th Olympiad Open"]
[Site "Istanbul TUR"]
[Date "2012.09.09"]
[Round "11.48"]
[Board "2"]
[White "Oliveira, Luciano"]
[Black "Kukk, Sander"]
[Result "0-1"]
[WhiteElo "2208"]
[BlackElo "2173"]
[WhiteTeam "Angola"]
[BlackTeam "Estonia"]
[WhiteFideId "10100431"]
[BlackFideId "4502094"]
[EventDate "2012.08.28"]

1. d4 g6 2. Nf3 Bg7 3. Nbd2 d5 4. e3 Nf6 5. c4 c6 6. Be2 O-O 7. O-O e6 8. Qc2
Nbd7 9. b4 a5 10. Ba3 axb4 11. Bxb4 Re8 12. Bc3 Nb6 13. Ne5 Na4 14. c5 Nd7 15.
Nxd7 Nxc3 16. Qxc3 Bxd7 17. Nf3 f6 18. Rfb1 Qc7 19. Qb4 Ra7 20. a4 Rea8 21. a5
Bc8 22. a6 bxa6 23. Qa5 Qxa5 24. Rxa5 Bf8 25. Rb6 Rc7 26. Nd2 Be7 27. Ra4 Bd8
28. Kf1 Rca7 29. Rb1 Rb7 30. Rxb7 Bxb7 31. Nb3 a5 32. Ke1 e5 33. Kd2 exd4 34.
exd4 Bc7 35. g3 Kf7 36. Bd1 Ba6 37. Ra3 Bb5 38. Be2 a4 39. Bxb5 cxb5 40. Kc3 Rb8 0-1

[Event "40th Olympiad Open"]
[Site "Istanbul TUR"]
[Date "2012.09.09"]
[Round "11.48"]
[Board "4"]
[White "Cambando, Jose"]
[Black "Ladva, Ottomar"]
[Result "0-1"]
[WhiteElo "2044"]
[BlackElo "2153"]
[WhiteTeam "Angola"]
[BlackTeam "Estonia"]
[WhiteFideId "10100563"]
[BlackFideId "4500024"]
[EventDate "2012.08.28"]

1. d4 d5 2. Nf3 Nf6 3. c4 e6 4. g3 Bb4+ 5. Bd2 Be7 6. Bg2 O-O 7. cxd5 exd5 8.
O-O c6 9. Nc3 Bf5 10. Qb3 Qb6 11. Qxb6 axb6 12. Ne5 b5 13. f3 b4 14. Nd1 Na6 15.
Nf2 Nc7 16. Ned3 Na6 17. Rfc1 Bg6 18. e4 Rfd8 19. e5 Ne8 20. Bf1 Nec7 21. Nc5
Nxc5 22. dxc5 Ne6 23. Bxb4 Nd4 24. f4 Nc2 25. Rxc2 Bxc2 26. Bd3 Ra4 27. a3 Bxd3
28. Nxd3 g6 29. Kf2 Re8 30. Re1 Raa8 31. Kf3 Bd8 32. Bc3 Ba5 33. b4 Bd8 34. Bb2
b6 35. cxb6 Bxb6 36. g4 Rab8 37. Rc1 Rec8 38. Rc2 Kf8 39. f5 gxf5 40. gxf5 Ke7
41. e6 f6 42. Nf4 Bc7 43. Nd3 Bd6 44. a4 h5 45. Bd4 h4 46. a5 Ra8 47. Rg2 Rg8
48. Rxg8 Rxg8 49. a6 Bxh2 50. a7 h3 51. Nf2 Be5 52. Bc5+ Bd6 53. Nxh3 Bxc5 54.
bxc5 Ra8 55. Nf4 Rxa7 56. Ng6+ Ke8 0-1

[Event "40th Olympiad Open"]
[Site "Istanbul TUR"]
[Date "2012.09.09"]
[Round "11.49"]
[Board "1"]
[White "Elliott, Warren"]
[Black "Edirisinghe, Dulan"]
[Result "1/2-1/2"]
[WhiteTitle "FM"]
[WhiteElo "2250"]
[BlackElo "2046"]
[WhiteTeam "Jamaica"]
[BlackTeam "Sri Lanka"]
[WhiteFideId "7400179"]
[BlackFideId "9900446"]
[EventDate "2012.08.28"]

1. e4 e6 2. d4 d5 3. Nc3 Bb4 4. e5 c5 5. Bd2 Ne7 6. Nb5 Bxd2+ 7. Qxd2 O-O 8. Nf3
cxd4 9. Nbxd4 Nbc6 10. O-O-O Nxd4 11. Nxd4 Nc6 12. f4 Nxd4 13. Qxd4 Qa5 14. Kb1
Bd7 15. h4 Rac8 16. Rh3 Qc5 17. Qd2 f6 18. exf6 Rxf6 19. Rc3 Qf8 20. Rxc8 Qxc8
21. Qe3 b6 22. Bd3 Qc5 23. Qe5 Bb5 24. Bxb5 Qxb5 25. g3 Qd7 26. g4 Rf8 27. c4
Qf7 28. cxd5 exd5 29. f5 h5 30. Qxd5 hxg4 31. Qxf7+ Rxf7 32. Rd4 g3 33. Rg4 Rxf5
34. Rxg3 Rf4 35. Ra3 1/2-1/2

[Event "40th Olympiad Open"]
[Site "Istanbul TUR"]
[Date "2012.09.09"]
[Round "11.49"]
[Board "3"]
[White "Rowe, Duane"]
[Black "Anuruddha, G C"]
[Result "1-0"]
[WhiteTitle "CM"]
[WhiteElo "2251"]
[BlackElo "2137"]
[WhiteTeam "Jamaica"]
[BlackTeam "Sri Lanka"]
[WhiteFideId "7400268"]
[BlackFideId "9900438"]
[EventDate "2012.08.28"]

1. e4 e6 2. d4 d5 3. Nc3 Bb4 4. e5 Ne7 5. a3 Bxc3+ 6. bxc3 b6 7. Qg4 Ng6 8. h4
h5 9. Qg3 Ba6 10. Ne2 Qd7 11. a4 Bc4 12. Nf4 Nxf4 13. Bxf4 Nc6 14. Qxg7 O-O-O
15. Bxc4 dxc4 16. Bg5 Rdf8 17. Qf6 Qd5 18. Qf3 Qxf3 19. gxf3 Kd7 20. Ke2 Na5 21.
Rhg1 Rfg8 22. Bf6 Rxg1 23. Rxg1 Rh7 24. Rg8 Nc6 25. f4 a5 26. Rg5 Na7 27. Rg8
Kc6 28. Be7 Kb7 29. f5 exf5 30. d5 b5 31. Bc5 bxa4 32. Bxa7 Kxa7 33. Ke3 a3 34.
Rg1 Kb6 35. Kd4 a2 36. Ra1 Rg7 37. f3 Rg3 38. Rxa2 Rxf3 39. Rb2+ Ka6 40. d6 cxd6
41. exd6 Rf1 42. Kc5 f4 43. d7 Rd1 44. Rb6+ Ka7 45. Rd6 Rxd6 46. Kxd6 f3 47.
d8=Q f2 48. Kc6 1-0

[Event "40th Olympiad Open"]
[Site "Istanbul TUR"]
[Date "2012.09.09"]
[Round "11.49"]
[Board "4"]
[White "Jayasundara, P K U M"]
[Black "Mellace, Andrew"]
[Result "1-0"]
[WhiteElo "2027"]
[BlackElo "2081"]
[WhiteTeam "Sri Lanka"]
[BlackTeam "Jamaica"]
[WhiteFideId "9900578"]
[BlackFideId "7400055"]
[EventDate "2012.08.28"]

1. e4 c5 2. Nc3 Nc6 3. f4 g6 4. Bb5 Nd4 5. Bc4 Bg7 6. Nf3 d6 7. O-O e6 8. d3 Ne7
9. Nxd4 cxd4 10. Ne2 a6 11. Bb3 b5 12. Kh1 O-O 13. Qe1 Kh8 14. Ng1 Nc6 15. Nf3
Na5 16. Bd2 Nxb3 17. axb3 Bb7 18. f5 e5 19. Ng5 gxf5 20. Rxf5 Kg8 21. Qg3 Bc8
22. Raf1 f6 23. Nxh7 Kxh7 24. Rh5+ Kg8 25. Qg6 Ra7 26. Qh7+ Kf7 27. Bh6 Rg8 28.
Rg5 Kf8 29. Rg6 Rf7 30. g4 Qe7 31. g5 f5 32. exf5 Rxf5 33. Bxg7+ Qxg7 34. Rxg7
Rxf1+ 35. Kg2 Rxg7 36. Qh8+ Kf7 37. Kxf1 Bb7 38. Qd8 d5 39. Qc7+ Kg6 40. Qxe5
Rf7+ 41. Kg2 Rf5 42. Qe8+ Kg7 43. h4 b4 44. Kg3 1-0

[Event "40th Olympiad Open"]
[Site "Istanbul TUR"]
[Date "2012.09.09"]
[Round "11.50"]
[Board "4"]
[White "Njobvu, Ignatius"]
[Black "Yaaqoub, Rashid"]
[Result "1/2-1/2"]
[WhiteTitle "CM"]
[BlackTitle "FM"]
[WhiteElo "2226"]
[BlackElo "2196"]
[WhiteTeam "Botswana"]
[BlackTeam "Sudan"]
[WhiteFideId "11300132"]
[BlackFideId "12200336"]
[EventDate "2012.08.28"]

1. d4 d5 2. c4 e5 3. Nf3 e4 4. Nfd2 Bd6 5. e3 c6 6. Qb3 Nf6 7. cxd5 cxd5 8. Nc3
Be7 9. f3 exf3 10. Nxf3 Nc6 11. Bd3 a6 12. O-O O-O 13. Bd2 h6 14. Rae1 Be6 15.
Qd1 Qd6 16. Bb1 Bg4 17. Qc2 g6 18. e4 dxe4 19. Nxe4 Nxe4 20. Qxe4 Bf5 21. Qe3
Bxb1 22. Rxb1 g5 23. Bc3 Bf6 24. Rbe1 Ne7 25. Ne5 Nd5 26. Qf3 Rae8 27. Re4 Re6
28. Rfe1 Bg7 29. Qf5 Bxe5 30. Rxe5 Rfe8 31. Rxe6 Rxe6 32. Rxe6 Qxe6 33. Qxe6
fxe6 34. Kf2 Kf7 35. Kf3 Nf6 36. g4 Nd5 37. Ke4 Kf6 38. Be1 b5 39. Ba5 Ke7 40.
Bd2 Nf6+ 41. Kf3 Kd6 42. h4 gxh4 43. Bxh6 h3 44. Bf4+ Kd5 45. g5 Ne4 46. g6 Kxd4
47. g7 Nf6 48. Bg5 Ng8 49. Kg3 Ke4 50. Kxh3 Kf5 51. Bd2 Kg6 52. Bc3 Kf7 53. Kg4
Ne7 54. Kf4 Nf5 55. Ke5 Nxg7 56. Kd6 Nf5+ 57. Kc6 Ne3 58. Kb6 b4 59. Bd4 Nc2 60.
Bc5 e5 61. Kxa6 Ke6 62. Kb5 Kd5 63. Bxb4 Nxb4 64. Kxb4 Kd4 65. Kb3 Kd3 66. a4 e4
67. a5 e3 68. a6 e2 69. a7 e1=Q 70. a8=Q Qe6+ 71. Ka3 Qd6+ 72. b4 Kc4 73. Qc8+
Kb5 74. Qb7+ Kc4 75. Qe4+ Kb5 76. Qf5+ Kc6 77. Qf3+ Kb5 78. Qe2+ Kb6 79. Qc4 Qe5
80. Qd3 Qa1+ 81. Kb3 Qe5 82. Qc4 Qd6 83. Ka3 Qc6 84. Qxc6+ Kxc6 85. Ka4 Kb6 86.
b5 Kb7 87. Ka5 Ka7 88. b6+ Kb7 89. Kb5 Kb8 90. Ka6 Ka8 91. b7+ Kb8 92. Kb6 1/2-1/2

[Event "40th Olympiad Open"]
[Site "Istanbul TUR"]
[Date "2012.09.09"]
[Round "11.51"]
[Board "1"]
[White "Del Castilho, Martyn"]
[Black "De La Riva Aguado, Oscar"]
[Result "0-1"]
[WhiteTitle "FM"]
[BlackTitle "GM"]
[WhiteElo "2260"]
[BlackElo "2540"]
[WhiteTeam "Barbados"]
[BlackTeam "Andorra"]
[WhiteFideId "11100400"]
[BlackFideId "6900224"]
[EventDate "2012.08.28"]

1. e4 g6 2. d4 Bg7 3. Nf3 c6 4. h3 d5 5. e5 Nh6 6. Be2 Na6 7. c3 Nc7 8. Bf4 f6
9. Qc1 Nf7 10. Nbd2 O-O 11. Qc2 Ne6 12. Bh2 fxe5 13. Nxe5 Nxe5 14. dxe5 Qc7 15.
Nf3 Nf4 16. Bxf4 Rxf4 17. Qd2 Bxe5 18. g3 Rf8 19. Nxe5 Qxe5 20. f4 Qf6 21. O-O-O
e5 22. Rdf1 Bf5 23. Rh2 Rae8 24. g4 Bc8 25. Rhf2 e4 26. Qe3 b6 27. f5 gxf5 28.
gxf5 Kh8 29. Rg1 c5 30. Bh5 Re7 31. Rfg2 Bxf5 32. Qg3 Be6 33. Bg4 Rg7 34. Qd6
Bxg4 35. Qxf6 Rxf6 36. hxg4 Rg5 37. Rh1 Kg7 38. Rgh2 h6 39. Rd1 Kf7 40. Rhd2 Ke6
41. Rg2 Ke5 0-1

[Event "40th Olympiad Open"]
[Site "Istanbul TUR"]
[Date "2012.09.09"]
[Round "11.51"]
[Board "2"]
[White "Simonet, Marc"]
[Black "Denny, Kevin"]
[Result "1/2-1/2"]
[WhiteTitle "FM"]
[BlackTitle "IM"]
[WhiteElo "2291"]
[BlackElo "2304"]
[WhiteTeam "Andorra"]
[BlackTeam "Barbados"]
[WhiteFideId "6900127"]
[BlackFideId "11100028"]
[EventDate "2012.08.28"]

1. d4 Nf6 2. c4 g6 3. Nc3 Bg7 4. e4 d6 5. Nf3 O-O 6. h3 Na6 7. Bg5 h6 8. Be3 e5
9. d5 h5 10. Ng5 c6 11. Be2 Nh7 12. h4 Nf6 13. f3 cxd5 14. cxd5 Bd7 15. Qd2 Qa5
16. O-O Rfc8 17. Rfc1 Ne8 18. Rab1 Bh6 19. Kh2 Qd8 20. Bb5 Nac7 21. Bxd7 Qxd7
22. Ne2 Qa4 23. b3 Qd7 24. Rc4 Nb5 25. Rbc1 Rxc4 26. bxc4 Nbc7 27. c5 dxc5 28.
Rxc5 Rd8 29. Nh3 Bxe3 30. Qxe3 Kg7 31. f4 Nf6 32. Qc3 Ng4+ 33. Kg3 Nb5 34. Qb2
Nd6 35. Ng5 Qe7 36. fxe5 Nf5+ 37. exf5 Qxc5 38. Nd4 Qxd5 39. Ndf3 Qc6 40. f6+
Kg8 41. Qa3 Qc7 42. Nxf7 Qxf7 43. Ng5 Nxe5 44. Nxf7 Rd3+ 45. Qxd3 Nxd3 46. Nd6
b6 47. Kf3 Ne5+ 48. Ke4 Ng4 49. Kf4 1/2-1/2

[Event "40th Olympiad Open"]
[Site "Istanbul TUR"]
[Date "2012.09.09"]
[Round "11.51"]
[Board "4"]
[White "Jose Queralto, Daniel"]
[Black "Warner, Delisle"]
[Result "1/2-1/2"]
[BlackTitle "FM"]
[WhiteElo "2133"]
[BlackElo "2204"]
[WhiteTeam "Andorra"]
[BlackTeam "Barbados"]
[WhiteFideId "6900089"]
[BlackFideId "11100109"]
[EventDate "2012.08.28"]

1. e4 e6 2. d4 d5 3. Bd3 dxe4 4. Bxe4 Nf6 5. Bf3 c5 6. Ne2 Nc6 7. Be3 cxd4 8.
Nxd4 Ne5 9. Nc3 a6 10. O-O Bb4 11. Ne4 O-O 12. c3 Nxf3+ 13. Qxf3 Be7 14. Bg5
Nxe4 15. Bxe7 Nd2 16. Bxd8 Nxf3+ 17. Nxf3 Rxd8 18. Rfd1 Bd7 19. Rd2 Ba4 20. Kf1
Rxd2 21. Nxd2 Rd8 22. Ke2 Kf8 23. b3 Bb5+ 24. c4 Bc6 25. f3 Rd4 26. Rc1 Rh4 27.
h3 Rd4 28. Rc3 Ke7 29. Rd3 Rxd3 30. Kxd3 Kd6 31. Ne4+ Bxe4+ 32. Kxe4 f5+ 33. Kd3
g5 34. a3 h5 35. b4 h4 36. Kd4 e5+ 37. Kd3 b6 38. Ke3 a5 39. Kd3 a4 40. Ke3 Kc6
41. Kd3 1/2-1/2

[Event "40th Olympiad Open"]
[Site "Istanbul TUR"]
[Date "2012.09.09"]
[Round "11.52"]
[Board "1"]
[White "Quinonez Centeno, Carlos David"]
[Black "Al-Tarbosh, Ward"]
[Result "1-0"]
[WhiteTitle "FM"]
[BlackTitle "FM"]
[WhiteElo "2293"]
[BlackElo "2271"]
[WhiteTeam "Guatemala"]
[BlackTeam "Syria"]
[WhiteFideId "7300530"]
[BlackFideId "7601450"]
[EventDate "2012.08.28"]

1. d4 g6 2. c4 Bg7 3. Nc3 c6 4. e4 d6 5. h3 Nf6 6. Nf3 O-O 7. Be2 a6 8. a4 a5 9.
O-O Qc7 10. Bf4 Nh5 11. Bh2 e5 12. Qd2 Nd7 13. Rfd1 Re8 14. c5 exd4 15. Nxd4 Be5
16. Nf3 Bxh2+ 17. Nxh2 Nxc5 18. Bxh5 Nb3 19. Qh6 Nxa1 20. Bg4 Nb3 21. Bxc8 Raxc8
22. Ng4 Re6 23. e5 f5 24. exf6 d5 25. g3 d4 26. Na2 c5 27. Rd3 c4 28. Rf3 Rf8
29. h4 d3 30. Rf4 Rf7 31. h5 Re1+ 32. Kh2 Qc6 33. f3 Qe6 34. Nc3 d2 35. hxg6
hxg6 36. Qxg6+ Kh8 37. Rf5 Rh7+ 38. Rh5 Qg8 39. f7 Qxg6 40. f8=Q+ Qg8 41. Rxh7+ 1-0

[Event "40th Olympiad Open"]
[Site "Istanbul TUR"]
[Date "2012.09.09"]
[Round "11.52"]
[Board "2"]
[White "Iyti, Basher"]
[Black "Juarez Flores, Carlos A."]
[Result "1/2-1/2"]
[WhiteTitle "IM"]
[BlackTitle "IM"]
[WhiteElo "2264"]
[BlackElo "2349"]
[WhiteTeam "Syria"]
[BlackTeam "Guatemala"]
[WhiteFideId "7601875"]
[BlackFideId "7300018"]
[EventDate "2012.08.28"]

1. d4 d5 2. Nf3 c5 3. c4 e6 4. Nc3 Nc6 5. cxd5 exd5 6. g3 c4 7. Bg2 Bb4 8. O-O
Nge7 9. e4 dxe4 10. Nxe4 O-O 11. Qe2 Bf5 12. Rd1 Qa5 13. Nh4 Be6 14. a3 Rad8 15.
Be3 Bd6 16. Nc5 Nxd4 17. Bxd4 Bxc5 18. Qe5 Rxd4 19. Rxd4 b6 20. Re4 Rd8 21. Re2
Qa4 22. Rae1 Qb3 23. Qc7 Qd3 24. Qxa7 h6 25. Be4 Qd6 26. Qa4 Qd4 27. Qc2 Qf6 28.
Rd2 Rxd2 29. Qxd2 g5 30. Nf3 Kg7 31. Kg2 Nc8 32. Re2 Nd6 33. Bd5 Bg4 34. h3 Bf5
35. Ne5 b5 36. f4 Bc8 37. fxg5 hxg5 38. Bf3 Nf5 39. Ng4 Qg6 40. Qd5 Bd4 41. Qxb5
Qd6 42. Ne5 Be6 43. Bg4 Bd5+ 44. Bf3 Be6 45. Bg4 Bd5+ 1/2-1/2

[Event "40th Olympiad Open"]
[Site "Istanbul TUR"]
[Date "2012.09.09"]
[Round "11.52"]
[Board "3"]
[White "Garcia, Douglas"]
[Black "Hammoudi, Ali"]
[Result "1/2-1/2"]
[WhiteElo "2180"]
[BlackElo "2155"]
[WhiteTeam "Guatemala"]
[BlackTeam "Syria"]
[WhiteFideId "7300077"]
[BlackFideId "7600321"]
[EventDate "2012.08.28"]

1. d4 Nf6 2. c4 e6 3. g3 c5 4. d5 exd5 5. cxd5 d6 6. Nc3 Be7 7. Bg2 O-O 8. Nf3
Na6 9. O-O Bd7 10. e4 Bg4 11. h3 Bxf3 12. Bxf3 Rb8 13. a4 Nd7 14. Bg2 f5 15.
exf5 Rxf5 16. Be4 Rf7 17. Nb5 Nc7 18. Bf4 Nxb5 19. axb5 Qb6 20. Qa4 Ra8 21. Bd2
Qd8 22. Qc2 g6 23. f4 Nf6 24. Bg2 Qd7 25. Qc4 Nh5 26. g4 Ng7 27. b4 cxb4 28.
Qxb4 Bd8 29. Be3 a5 30. bxa6 Rxa6 31. Bd4 Rxa1 32. Bxa1 Bf6 33. Bxf6 Rxf6 34.
Qd4 Rf8 35. Rb1 Qf7 36. Rb4 h5 37. Qb2 b5 38. Qe2 hxg4 39. hxg4 Qa7+ 40. Kh2 Qd7
41. Kg3 Rb8 42. Bf1 Re8 43. Re4 b4 44. Rxe8+ Qxe8 45. Qxe8+ Nxe8 46. Kf3 Nf6 47.
g5 Nh5 48. Bd3 Kf7 49. Ke3 Ng3 50. Kd4 Nh5 51. Ke3 b3 52. Bb1 Ng7 53. Kd4 Nh5
54. f5 gxf5 55. Bxf5 b2 56. Bb1 Nf4 57. Kc3 Nxd5+ 58. Kxb2 Nf4 59. Kc3 Nh3 60.
g6+ Kf6 61. Kd4 Nf4 62. Be4 Nxg6 63. Bxg6 Kxg6 64. Kd5 Kf6 65. Kd4 1/2-1/2

[Event "40th Olympiad Open"]
[Site "Istanbul TUR"]
[Date "2012.09.09"]
[Round "11.52"]
[Board "4"]
[White "Azam, Zeno"]
[Black "Giron, David"]
[Result "0-1"]
[WhiteElo "2187"]
[BlackElo "2025"]
[WhiteTeam "Syria"]
[BlackTeam "Guatemala"]
[WhiteFideId "7600976"]
[BlackFideId "7300697"]
[EventDate "2012.08.28"]

1. e4 c5 2. b4 cxb4 3. Nf3 e6 4. d4 Nf6 5. Bd3 Be7 6. O-O b6 7. a3 Bb7 8. Qe2 d5
9. e5 Ne4 10. Nfd2 Nc6 11. Bb2 Nxd2 12. Qxd2 h5 13. f4 g6 14. Bb5 a5 15. Qe2 Qc8
16. c4 bxc3 17. Nxc3 Kf8 18. Na4 Qd8 19. Rac1 Na7 20. Rf3 Kg7 21. Bd3 Nc6 22.
Rcf1 Rb8 23. f5 gxf5 24. Bxf5 exf5 25. Rxf5 Qg8 26. Qf3 Nd8 27. Nxb6 Bc6 28. e6
Rxb6 29. exf7 Qh7 30. Re1 Kf8 31. Bc3 Bd7 32. Rxe7 Qxf5 33. Re8+ Kg7 34. Qg3+
Rg6 35. Qc7 Qb1+ 36. Re1 Qf5 37. Rf1 Qe6 38. Re1 Qd6 39. Qxa5 Nxf7 40. Bb4 Qb6
41. Qxd5 0-1

[Event "40th Olympiad Open"]
[Site "Istanbul TUR"]
[Date "2012.09.09"]
[Round "11.53"]
[Board "1"]
[White "Bravo, William"]
[Black "Eid, Fadi"]
[Result "1/2-1/2"]
[WhiteTitle "FM"]
[BlackTitle "IM"]
[WhiteElo "2291"]
[BlackElo "2377"]
[WhiteTeam "Nicaragua"]
[BlackTeam "Lebanon"]
[WhiteFideId "6100406"]
[BlackFideId "5300118"]
[EventDate "2012.08.28"]

1. d4 Nc6 2. Nf3 d5 3. c4 Bg4 4. cxd5 Bxf3 5. gxf3 Qxd5 6. e3 e6 7. Nc3 Qh5 8.
Be2 O-O-O 9. Qa4 Nge7 10. Bd2 Kb8 11. O-O-O Nc8 12. Kb1 Qh4 13. Ne4 Nd6 14. Ng3
e5 15. Rc1 Nc8 16. Rxc6 Nb6 17. Rxb6 axb6 18. Bc3 exd4 19. exd4 Bc5 20. Rd1 Bd6
21. Ne4 Qxh2 22. Be1 h5 23. Nc3 c6 24. d5 Qf4 25. Rd4 Qf5+ 26. Bd3 Qc8 27. dxc6
bxc6 28. Be4 Bc5 29. Rxd8 Rxd8 30. Bxc6 Qf5+ 31. Be4 Qd7 32. Qa6 Qa7 33. Qc4 Rd4
34. Qb5 Qd7 35. Qxd7 Rxd7 36. Kc2 g6 37. f4 f5 38. Bf3 Re7 39. Kd1 Bd4 40. a3 h4
41. Bg2 Rh7 42. Bh3 Re7 43. b4 Rxe1+ 44. Kxe1 Bxc3+ 45. Ke2 Bb2 46. a4 Ba3 47.
Kd3 Bxb4 48. Kc4 Be1 49. Kd5 Kc7 50. Ke6 1/2-1/2

[Event "40th Olympiad Open"]
[Site "Istanbul TUR"]
[Date "2012.09.09"]
[Round "11.53"]
[Board "2"]
[White "Khairallah, Faisal"]
[Black "Fonseca Cabrera, Ernesto"]
[Result "1-0"]
[WhiteTitle "FM"]
[WhiteElo "2308"]
[BlackElo "2211"]
[WhiteTeam "Lebanon"]
[BlackTeam "Nicaragua"]
[WhiteFideId "4628250"]
[BlackFideId "6101046"]
[EventDate "2012.08.28"]

1. c4 e6 2. Nc3 d5 3. d4 Nf6 4. cxd5 exd5 5. Bg5 Be7 6. e3 c6 7. Bd3 O-O 8. Qc2
Nbd7 9. Nge2 Re8 10. O-O Nf8 11. f3 Be6 12. Rae1 Rc8 13. e4 c5 14. e5 N6d7 15.
Bxe7 Qxe7 16. Kh1 a6 17. f4 c4 18. Bf5 g6 19. g4 Nb6 20. Bxe6 fxe6 21. f5 exf5
22. gxf5 gxf5 23. Nf4 Qf7 24. Qg2+ Kh8 25. Ncxd5 Nxd5 26. Nxd5 Red8 27. Nf4 Ne6
28. Nxe6 Qxe6 29. Qxb7 Rb8 30. Qf3 Rxd4 31. Qxf5 Qxf5 32. Rxf5 Rbd8 33. Kg2 Rd2+
34. Rf2 Kg7 35. Ree2 Rxe2 36. Rxe2 Kg6 37. e6 Re8 38. e7 Kf6 39. Kf3 h6 40. Kg4
a5 41. Kh5 a4 42. a3 Kg7 43. h3 Kf6 44. Re4 Kf7 45. Rxc4 Rb8 46. Rb4 Ra8 47. Rb7
Ra6 48. Kg4 Ra5 49. Kg3 Rg5+ 50. Kf4 Rh5 51. Kg3 Rg5+ 52. Kh2 Re5 53. e8=Q+ Kxe8
54. Kg3 Kf8 55. Rb4 Re2 56. Kf3 Rh2 57. h4 Kg7 58. Kg4 Rf2 59. Kg3 Rd2 60. Kf4
Kg6 61. Ke3 Rh2 62. Kd3 Kh5 63. Rxa4 Rxb2 64. Rb4 Rh2 65. Kc3 Rh3+ 66. Kb2 Rh2+
67. Kb3 Rh3+ 68. Ka4 Rf3 69. Rc4 Rf8 70. Kb5 Rb8+ 71. Kc6 Rc8+ 72. Kd5 Rd8+ 73.
Ke6 Rd1 74. a4 Rd2 75. Ke5 Rd1 76. Rd4 Re1+ 77. Kd5 Rc1 78. Rc4 Ra1 79. Kc5 Ra2
80. Kb5 Rb2+ 81. Rb4 Rf2 82. a5 Rf5+ 83. Kb6 Rf6+ 84. Kc7 Rf7+ 85. Kd6 Rf6+ 86.
Ke7 Ra6 87. Ra4 Ra7+ 88. Ke6 Ra6+ 89. Kd5 Kg6 90. Kc5 Kh5 91. Kb5 Rf6 92. a6
Rf5+ 93. Kc6 Rf6+ 94. Kd5 Rf5+ 95. Ke4 Rf8 96. a7 Re8+ 97. Kd5 Ra8 98. Ke5 Re8+
99. Kf4 Ra8 100. Kg3 Rg8+ 101. Kh3 Ra8 102. Ra5+ Kg6 103. Kg4 h5+ 104. Kf4 Rf8+
105. Ke4 1-0